[Event "Winnipeg TNT 2025.03"]
[Site "Winnipeg CAN"]
[Date "2025.03.18"]
[Round "3.2"]
[White "Nagelberg, Alan"]
[Black "Gres, Yakiv"]
[Result "1/2-1/2"]
[WhiteElo "1866"]
[BlackElo "1965"]
[WhiteFideId "-1"]
[WhiteFideId "-1"]
[PlyCount "189"]
[GameId "2160150821224561"]
[EventDate "2025.03.04"]
[EventType "swiss"]
[EventRounds "4"]
[EventCountry "CAN"]

1. c4 e5 2. Nc3 Nc6 3. g3 Nf6 4. Bg2 Bb4 5. Nd5 Be7 6. Nf3 O-O 7. O-O d6 8. h3 Be6 9. Ne1 Qd7 10. Kh2 Nd4 11. Nxe7+ Qxe7 12. d3 c6 13. e3 Nf5 14. b4 d5 15. cxd5 cxd5 16. a4 Rfd8 17. Ba3 Rac8 18. Rc1 e4 19. d4 a5 20. Nc2 Rc3 21. bxa5 Rxa3 22. Nxa3 Qxa3 23. Rc7 Nd6 24. Qc2 Nfe8 25. Rc5 Nc4 26. Rb1 Ned6 27. Qb3 Qxb3 28. Rxb3 Ra8 29. Rb4 Nxa5 30. f3 Nc6 31. Rb6 f5 32. fxe4 fxe4 33. g4 Rxa4 34. Rbxc6 bxc6 35. Rxc6 Nc4 36. Rxe6 Kf7 37. Rc6 Nxe3 38. Kg3 Rxd4 39. Kf2 Nxg2 40. Kxg2 Rc4 41. Rd6 Ke7 42. Rxd5 Ke6 43. Ra5 Rd4 44. Kg3 Rd5 45. Ra7 Rd3+ 46. Kf4 Rxh3 47. Kxe4 Kf6 48. g5+ Kg6 49. Kf4 Rh4+ 50. Kg3 Rh5 51. Kf4 Rh4+ 52. Kg3 Rb4 53. Ra5 Kh5 54. Ra7 Rg4+ 55. Kh3 Rxg5 56. Rb7 h6 57. Rb4 Rg1 58. Rh4+ Kg6 59. Ra4 Rh1+ 60. Kg2 Rb1 61. Kg3 Rf1 62. Kh4 h5 63. Ra6+ Rf6 64. Ra5 Rf4+ 65. Kg3 Rg4+ 66. Kh3 Kh6 67. Rb5 Rf4 68. Kg3 g5 69. Rb6+ Kg7 70. Rb5 Kg6 71. Rb6+ Rf6 72. Rb4 Rc6 73. Rb3 Rc5 74. Ra3 h4+ 75. Kh3 Kh5 76. Rb3 g4+ 77. Kg2 Rc2+ 78. Kh1 h3 79. Ra3 Kh4 80. Ra1 h2 81. Rb1 Rf2 82. Rb4 Rf1+ 83. Kxh2 Rc1 84. Rb3 Rc2+ 85. Kg1 Re2 86. Ra3 g3 87. Ra8 Re4 88. Kg2 Re2+ 89. Kg1 Kg4 90. Rg8+ Kf3 91. Rf8+ Ke3 92. Re8+ Kf3 93. Rxe2 Kxe2 94. Kg2 Ke3 95. Kxg3 1/2-1/2

[Event "Winnipeg TNT 2025.03"]
[Site "Winnipeg CAN"]
[Date "2025.03.18"]
[Round "3.3"]
[White "Babb, Jeff"]
[Black "Melnyk, Jim"]
[Result "1-0"]
[WhiteElo "2065"]
[BlackElo "1669"]
[WhiteFideId "-1"]
[WhiteFideId "-1"]
[PlyCount "61"]
[GameId "2160150821224562"]
[EventDate "2025.03.04"]
[EventType "swiss"]
[EventRounds "4"]
[EventCountry "CAN"]

1. f4 d6 2. Nf3 Nf6 3. g3 Nbd7 4. Bg2 g6 5. d3 e5 6. fxe5 dxe5 7. e4 Bg7 8. Nc3 c6 9. Be3 Qc7 10. Qd2 Ng4 11. Bg1 O-O 12. h3 Bh6 13. Qe2 Ngf6 14. Be3 Bg7 15. g4 Rd8 16. O-O Nf8 17. Rf2 Ne6 18. Raf1 Nd4 19. Nxd4 exd4 20. Bf4 Qa5 21. Nd1 Be6 22. b3 Rac8 23. a4 b5 24. Bd2 b4 25. Rxf6 Bxf6 26. Rxf6 Qc5 27. Bh6 Rd7 28. Rf1 Qe7 29. Qd2 a5 30. Bg5 Qc5 31. Bf6 1-0

[Event "Winnipeg TNT 2025.03"]
[Site "Winnipeg CAN"]
[Date "2025.03.18"]
[Round "3.4"]
[White "Curtis, Rory"]
[Black "Zhou, Joe"]
[Result "1/2-1/2"]
[WhiteElo "1696"]
[BlackElo "1915"]
[WhiteFideId "-1"]
[WhiteFideId "-1"]
[PlyCount "88"]
[GameId "2160150821224563"]
[EventDate "2025.03.04"]
[EventType "swiss"]
[EventRounds "4"]
[EventCountry "CAN"]

1. d4 d5 2. c4 e6 3. cxd5 exd5 4. Nc3 c6 5. Nf3 Bf5 6. Bf4 Bd6 7. Bxd6 Qxd6 8. e3 Nf6 9. Be2 h6 10. O-O Nbd7 11. Rc1 O-O 12. Re1 Rfe8 13. a3 Ne4 14. b4 a5 15. Qb3 axb4 16. axb4 Nxc3 17. Rxc3 Ra7 18. b5 Rea8 19. bxc6 bxc6 20. Rec1 Ra1 21. h3 R8a2 22. Bf1 Rxc1 23. Rxc1 Ra7 24. Qc3 Rc7 25. Bb5 Nb8 26. Ne5 Rc8 27. Bd3 Bxd3 28. Nxd3 Nd7 29. Nc5 Nxc5 30. Qxc5 Qxc5 31. Rxc5 Kf8 32. g4 Ke7 33. f3 Kd6 34. Kf2 Rb8 35. Rc3 Rb5 36. e4 dxe4 37. fxe4 c5 38. dxc5+ Rxc5 39. Rxc5 Kxc5 40. Ke3 Kd6 41. Kf4 Ke6 42. h4 f6 43. h5 Ke7 44. Kf5 Kf7 1/2-1/2

[Event "Winnipeg TNT 2025.03"]
[Site "Winnipeg CAN"]
[Date "2025.03.18"]
[Round "3.7"]
[White "Gannon, Keith"]
[Black "Letain, Cory"]
[Result "1/2-1/2"]
[WhiteElo "1613"]
[BlackElo "1758"]
[WhiteFideId "-1"]
[WhiteFideId "-1"]
[PlyCount "62"]
[GameId "2160150821224565"]
[EventDate "2025.03.04"]
[EventType "swiss"]
[EventRounds "4"]
[EventCountry "CAN"]

1. e4 e5 2. Nf3 Nf6 3. d3 Nc6 4. Be2 Bc5 5. O-O O-O 6. Nc3 d5 7. Nxd5 Nxd5 8. exd5 Qxd5 9. Bd2 Be6 10. a3 Rad8 11. b4 Be7 12. c4 Qd7 13. Bc3 f6 14. Qc2 Nd4 15. Nxd4 exd4 16. Bb2 Rfe8 17. Rad1 Bd6 18. Rfe1 Bf4 19. Bc1 Qd6 20. Bxf4 Qxf4 21. Qd2 Qxd2 22. Rxd2 Bg4 23. h3 Bxe2 24. Rdxe2 Rxe2 25. Rxe2 Kf7 26. Re4 f5 27. Re5 Kf6 28. f4 Rd7 29. Kf2 c6 30. g4 g6 31. a4 Re7 1/2-1/2

[Event "Winnipeg TNT 2025.03"]
[Site "Winnipeg CAN"]
[Date "2025.03.18"]
[Round "3.8"]
[White "Iyer, Pia"]
[Black "Trueman, Francis"]
[Result "0-1"]
[WhiteElo "1209"]
[BlackElo "1569"]
[WhiteFideId "-1"]
[WhiteFideId "-1"]
[PlyCount "50"]
[GameId "2160150821224566"]
[EventDate "2025.03.04"]
[EventType "swiss"]
[EventRounds "4"]
[EventCountry "CAN"]

1. e4 d6 2. d4 Nd7 3. Nf3 e5 4. Nc3 Ngf6 5. Be3 Be7 6. Bc4 O-O 7. O-O c6 8. Ng5 Qc7 9. Qf3 Qb6 10. Rad1 Qxb2 11. Bd2 exd4 12. Ne2 Ne5 13. Qh3 Nxc4 14. Nf4 Bxh3 15. Nfxh3 Nxd2 16. Rxd2 Qxa2 17. Rfd1 c5 18. Rd3 h6 19. Nf3 Nxe4 20. Re1 d5 21. Nh4 Bxh4 22. Nf4 Nxf2 23. Kf1 Nxd3 24. Re2 Qb1+ 25. Re1 Qxe1# 0-1

[Event "Winnipeg TNT 2025.03"]
[Site "Winnipeg CAN"]
[Date "2025.03.18"]
[Round "3.9"]
[White "Reimer, Bruce"]
[Black "Harvey, Chris"]
[Result "0-1"]
[WhiteElo "1528"]
[BlackElo "1296"]
[WhiteFideId "-1"]
[WhiteFideId "-1"]
[PlyCount "98"]
[GameId "2160150821224567"]
[EventDate "2025.03.04"]
[EventType "swiss"]
[EventRounds "4"]
[EventCountry "CAN"]

1. c4 e5 2. g3 Nf6 3. Bg2 c6 4. Nc3 d5 5. d4 exd4 6. Qxd4 Be6 7. Bg5 Be7 8. Nf3 Nbd7 9. cxd5 c5 10. Qd1 Nxd5 11. Bxe7 Nxe7 12. O-O O-O 13. Ng5 Qb6 14. Nxe6 Qxe6 15. Nb5 Rab8 16. Nc7 Qe5 17. Qxd7 Rfd8 18. Qa4 Qxc7 19. Rfd1 b5 20. Qh4 Nf5 21. Qg4 Nd4 22. Rac1 f5 23. Qh5 g6 24. Qh4 Nxe2+ 25. Kf1 Nxc1 26. Rxc1 Qe5 27. Re1 Qxb2 28. a4 Rd2 29. g4 Rbd8 30. Bf3 Qb3 31. Kg2 Qxa4 32. Re7 h5 33. Qf6 Rxf2+ 34. Kg3 Rxf3+ 35. Kxf3 Rd3+ 36. Kf2 Qd4+ 37. Qxd4 Rxd4 38. gxf5 Rf4+ 39. Ke3 Rxf5 40. Rxa7 c4 41. Ra6 Kg7 42. h4 c3 43. Kd3 b4 44. Rb6 Rf4 45. Kc2 Rxh4 46. Kb3 Rf4 47. Rb7+ Kf6 48. Rb6+ Kg5 49. Rb5+ Kg4 0-1

[Event "Winnipeg TNT 2025.03"]
[Site "Winnipeg CAN"]
[Date "2025.03.25"]
[Round "4.1"]
[White "Stordeur, Jackson"]
[Black "Nagelberg, Alan"]
[Result "0-1"]
[WhiteElo "2014"]
[BlackElo "1866"]
[WhiteFideId "-1"]
[WhiteFideId "-1"]
[PlyCount "46"]
[GameId "2160150821224568"]
[EventDate "2025.03.04"]
[EventType "swiss"]
[EventRounds "4"]
[EventCountry "CAN"]

1. e4 c5 2. Nf3 Nc6 3. d4 cxd4 4. Nxd4 g6 5. Nc3 Bg7 6. Be3 Nf6 7. Bc4 O-O 8. Bb3 Re8 9. f3 d5 10. Nxd5 Nxd5 11. Bxd5 Nxd4 12. Bxd4 Bxd4 13. Qxd4 e6 14. O-O-O exd5 15. exd5 Qa5 16. Kb1 Re2 17. g4 Bd7 18. h4 Rc8 19. c4 Qb4 20. b3 Qa5 21. Qa1 Rxc4 22. h5 Qb5 23. hxg6 Rc1+ 0-1

[Event "Winnipeg TNT 2025.03"]
[Site "Winnipeg CAN"]
[Date "2025.03.25"]
[Round "4.2"]
[White "Gres, Yakiv"]
[Black "Babb, Jeff"]
[Result "1/2-1/2"]
[WhiteElo "1965"]
[BlackElo "2065"]
[WhiteFideId "-1"]
[WhiteFideId "-1"]
[PlyCount "137"]
[GameId "2160150821224569"]
[EventDate "2025.03.04"]
[EventType "swiss"]
[EventRounds "4"]
[EventCountry "CAN"]

1. e4 d5 2. exd5 Qxd5 3. Nc3 Qd6 4. Nf3 Nf6 5. d4 c6 6. Bc4 Bg4 7. Be3 e6 8. h3 Bh5 9. g4 Bg6 10. Ne5 Qb4 11. Bb3 Nd5 12. Qd2 Qa5 13. Nc4 Qc7 14. Nxd5 exd5 15. Ne5 Nd7 16. Nxg6 hxg6 17. Bf4 Bd6 18. Qe3+ Kf8 19. Bxd6+ Qxd6 20. O-O-O Re8 21. Qd2 Nf6 22. c3 Ne4 23. Qe3 Qf6 24. Rhf1 Ng5 25. Qg3 Rxh3 26. Qc7 Qe7 27. Qa5 Nf3 28. c4 Qg5+ 29. Kb1 dxc4 30. Qxg5 Nxg5 31. Bxc4 Rf3 32. d5 Rf4 33. Bb3 cxd5 34. Rxd5 Ne6 35. f3 Rd4 36. Rxd4 Nxd4 37. Bd5 b6 38. Rd1 Ne6 39. Kc2 Rd8 40. b4 Nf4 41. Be4 Rxd1 42. Kxd1 Ke7 43. Kc2 Kd6 44. Kb3 Ne6 45. Kc4 g5 46. a4 Nc7 47. Kd4 Ne6+ 48. Kc4 Nc7 49. Kd4 Na6 50. Kc4 Nc7 51. a5 Ke5 52. Bc6 g6 53. Bb7 f5 54. Bc6 Kf4 55. Kd4 fxg4 56. fxg4 Kxg4 57. Ke5 Kg3 58. Kd6 Na6 59. b5 Nc5 60. axb6 axb6 61. Kc7 Na4 62. Be4 Nc3 63. Bxg6 Nxb5+ 64. Kxb6 Nd4 65. Kc5 Ne6+ 66. Kd6 Nf4 67. Bf5 Ng2 68. Ke5 Ne3 69. Bc8 1/2-1/2

[Event "Winnipeg TNT 2025.03"]
[Site "Winnipeg CAN"]
[Date "2025.03.25"]
[Round "4.4"]
[White "Klokow, John"]
[Black "Boron, Anthony"]
[Result "0-1"]
[WhiteElo "1823"]
[BlackElo "1971"]
[WhiteFideId "-1"]
[WhiteFideId "-1"]
[PlyCount "87"]
[GameId "2160150821224570"]
[EventDate "2025.03.04"]
[EventType "swiss"]
[EventRounds "4"]
[EventCountry "CAN"]

1. e4 c5 2. Nf3 e6 3. d4 cxd4 4. Nxd4 Nf6 5. Nc3 Nc6 6. Nxc6 bxc6 7. e5 Nd5 8. Ne4 Qc7 9. f4 Qb6 10. a3 Ne3 11. Qd3 Nxf1 12. Rxf1 Ba6 13. c4 Be7 14. Rf3 Qg1+ 15. Ke2 Qxg2+ 16. Rf2 Qg4+ 17. Kd2 f5 18. Nd6+ Bxd6 19. exd6 Qh4 20. Ke2 Kf7 21. b3 Rab8 22. Be3 Rb7 23. Rg1 Rg8 24. Bd4 g5 25. Be5 h6 26. Rfg2 Rbb8 27. Qe3 c5 28. Rg3 Qxh2+ 29. R1g2 Qh5+ 30. Kd2 g4 31. Qxc5 Bb7 32. Qxa7 Bc6 33. b4 Ra8 34. Qf2 Bf3 35. Rh2 Qg6 36. Qe3 h5 37. Rf2 h4 38. Rg1 Be4 39. Qb3 g3 40. Rf3 Qg4 41. Re3 Qh3 42. Kc3 Qh2 43. Ree1 Rgc8 44. Rh1 0-1

[Event "Winnipeg TNT 2025.03"]
[Site "Winnipeg CAN"]
[Date "2025.03.25"]
[Round "4.5"]
[White "Zhou, Joe"]
[Black "Gannon, Keith"]
[Result "1/2-1/2"]
[Annotator "aboro"]
[WhiteElo "1915"]
[BlackElo "1613"]
[WhiteFideId "-1"]
[WhiteFideId "-1"]
[PlyCount "67"]
[GameId "2160150821224571"]
[EventDate "2025.03.04"]
[EventType "swiss"]
[EventRounds "4"]
[EventCountry "CAN"]

1. Nf3 Nf6 2. c4 c5 3. d4 e6 4. e3 d5 5. Nc3 Nc6 6. Be2 cxd4 7. exd4 dxc4 8. Bxc4 Be7 9. O-O O-O 10. a3 a6 11. Bf4 b5 12. Ba2 Bb7 13. d5 Nxd5 14. Nxd5 exd5 15. Bxd5 Rc8 16. Ne5 Nxe5 17. Bxb7 Qxd1 18. Rfxd1 Rc5 19. b4 Rc7 20. Bxa6 Bf6 21. Re1 Re7 22. Bxe5 Bxe5 23. Rac1 Bb2 24. Rxe7 Bxc1 25. Bxb5 Bxa3 26. Re4 Rb8 27. Bc4 Bxb4 28. Rf4 Bd6 29. Rd4 Rb1+ 30. Bf1 Bf8 31. g3 g6 32. Kg2 h5 33. Rd7 Rc1 34. Rd4 {drawn in another 10 moves} 1/2-1/2

[Event "Winnipeg TNT 2025.03"]
[Site "Winnipeg CAN"]
[Date "2025.03.25"]
[Round "4.6"]
[White "Letain, Cory"]
[Black "Curtis, Rory"]
[Result "0-1"]
[WhiteElo "1758"]
[BlackElo "1696"]
[WhiteFideId "-1"]
[WhiteFideId "-1"]
[PlyCount "80"]
[GameId "2160150821224572"]
[EventDate "2025.03.04"]
[EventType "swiss"]
[EventRounds "4"]
[EventCountry "CAN"]

1. e4 e5 2. f4 Bc5 3. Nf3 d6 4. Bc4 Nf6 5. Nc3 O-O 6. d4 exd4 7. Nxd4 Re8 8. O-O Nxe4 9. Kh1 Nxc3 10. bxc3 Bd7 11. Qh5 Qf6 12. Bb2 Nc6 13. Rab1 Re7 14. Nf3 g6 15. Qh6 Qg7 16. Qh4 Be6 17. Bxe6 fxe6 18. c4 Qf8 19. Bf6 Rf7 20. Ng5 Nd4 21. Bxd4 Bxd4 22. Nxf7 Qxf7 23. Rxb7 Bb6 24. Qg4 Re8 25. h4 Qf5 26. Qf3 Qxc2 27. Qc6 Rf8 28. a4 Qe2 29. Rb1 Qg4 30. R7xb6 Qxh4+ 31. Kg1 axb6 32. Qxc7 Qxf4 33. Qxb6 Qxc4 34. a5 Qc5+ 35. Kh2 Qxb6 36. axb6 Rb8 37. b7 Kf7 38. Kg3 Kf6 39. Rf1+ Ke7 40. Rb1 Kd7 0-1

[Event "Winnipeg TNT 2025.03"]
[Site "Winnipeg CAN"]
[Date "2025.03.25"]
[Round "4.7"]
[White "Baylon, Jorel"]
[Black "Trueman, Francis"]
[Result "1-0"]
[WhiteElo "1733"]
[BlackElo "1569"]
[WhiteFideId "-1"]
[WhiteFideId "-1"]
[PlyCount "45"]
[GameId "2160150821224573"]
[EventDate "2025.03.04"]
[EventType "swiss"]
[EventRounds "4"]
[EventCountry "CAN"]

1. d4 Nf6 2. Bf4 d6 3. Nf3 Nbd7 4. Nc3 c6 5. e4 h6 6. h4 Nb6 7. Qd2 e6 8. O-O-O Bd7 9. Bd3 Be7 10. Rdg1 Qc7 11. g4 O-O-O 12. h5 Nh7 13. g5 f6 14. gxh6 gxh6 15. Bxh6 Ng5 16. Bxg5 fxg5 17. Nxg5 Rdg8 18. e5 dxe5 19. dxe5 Rg7 20. h6 Rgg8 21. Nf7 Rxg1+ 22. Rxg1 Rf8 23. h7 1-0

[Event "Winnipeg TNT 2025.04"]
[Site "Winnipeg CAN"]
[Date "2025.04.08"]
[Round "1.1"]
[White "Babb, Jeff"]
[Black "Rosenstock, Samuel"]
[Result "1/2-1/2"]
[WhiteElo "2045"]
[BlackElo "1772"]
[WhiteFideId "-1"]
[WhiteFideId "-1"]
[PlyCount "100"]
[GameId "2174971261818255"]
[EventDate "2025.04.08"]
[EventType "swiss"]
[EventRounds "4"]
[EventCountry "CAN"]

1. f4 d5 2. Nf3 c5 3. g3 Nf6 4. Bg2 Nc6 5. d3 Bf5 6. O-O e6 7. h3 Qb6 8. Kh2 h5 9. c3 Bd6 10. Ng5 Be7 11. Qb3 Na5 12. Qa4+ Nc6 13. e4 dxe4 14. dxe4 Bg6 15. Qb3 O-O 16. Na3 Na5 17. Qxb6 axb6 18. f5 exf5 19. exf5 Bh7 20. Nb5 Nd7 21. Nxh7 Kxh7 22. Bf4 Nc6 23. Rfe1 Bf6 24. Nc7 Ra4 25. Nd5 Rfa8 26. a3 h4 27. g4 b5 28. Rad1 Nce5 29. Nxf6+ gxf6 30. Bxe5 Nxe5 31. Bxb7 R8a7 32. Bg2 b4 33. axb4 cxb4 34. Re2 bxc3 35. bxc3 Ra3 36. Rc1 Rc7 37. Re3 Kh6 38. Bd5 Rc5 39. Be4 Kg5 40. Bb1 Rc4 41. Kg2 Nc6 42. Kf2 Ne5 43. Ke2 Rc7 44. Rc2 Rca7 45. Re4 Ra1 46. Rb4 R7a4 47. Rxa4 Rxa4 48. Ke3 Rf4 49. Rf2 Rc4 50. Kd2 Rf4 1/2-1/2

[Event "Winnipeg TNT 2025.04"]
[Site "Winnipeg CAN"]
[Date "2025.04.08"]
[Round "1.2"]
[White "Zhang, Nicole"]
[Black "Gres, Yakiv"]
[Result "0-1"]
[WhiteElo "1769"]
[BlackElo "2001"]
[WhiteFideId "-1"]
[WhiteFideId "-1"]
[PlyCount "30"]
[GameId "2174971261818256"]
[EventDate "2025.04.08"]
[EventType "swiss"]
[EventRounds "4"]
[EventCountry "CAN"]

1. e4 e5 2. Nf3 Nc6 3. Bc4 Nf6 4. Ng5 d5 5. exd5 Nd4 6. d6 Qxd6 7. Nxf7 Qc6 8. Nc3 Qxg2 9. Rf1 Bg4 10. Be2 Bxe2 11. Qxe2 Nxe2 12. Nxh8 Nd4 13. Rb1 Qf3 14. d3 Nd5 15. Kd2 Bb4 0-1

[Event "Winnipeg TNT 2025.04"]
[Site "Winnipeg CAN"]
[Date "2025.04.08"]
[Round "1.3"]
[White "Kowal, Ken"]
[Black "Baylon, Jorel"]
[Result "0-1"]
[WhiteElo "1962"]
[BlackElo "1754"]
[WhiteFideId "-1"]
[WhiteFideId "-1"]
[PlyCount "82"]
[GameId "2174971261818257"]
[EventDate "2025.04.08"]
[EventType "swiss"]
[EventRounds "4"]
[EventCountry "CAN"]

1. Nf3 c5 2. c4 b6 3. e4 Bb7 4. Nc3 g6 5. Bd3 Bg7 6. Bc2 Nc6 7. O-O d6 8. d4 cxd4 9. Nb5 Nf6 10. Nfxd4 O-O 11. f3 a6 12. Nxc6 Bxc6 13. Nd4 Rc8 14. Be3 Bb7 15. b3 Nd7 16. Qd2 a5 17. h4 Bxd4 18. Qxd4 e5 19. Qxd6 Rc6 20. Qd2 Qe7 21. Rad1 Nc5 22. Qf2 Rf6 23. Bg5 Kg7 24. h5 h6 25. Bxf6+ Qxf6 26. Qd2 Ne6 27. Qd7 Bc8 28. Qc6 Qg5 29. Qxb6 Nf4 30. Rf2 Nh3+ 31. Kf1 Nxf2 32. Qxf2 Qxh5 33. Ke2 Be6 34. Rd6 g5 35. c5 g4 36. Qg3 Kh7 37. f4 exf4 38. Qxf4 Qxc5 39. Qd2 Rc8 40. Bb1 Qg1 41. Rxe6 Qxg2+ 0-1

[Event "Winnipeg TNT 2025.04"]
[Site "Winnipeg CAN"]
[Date "2025.04.08"]
[Round "1.5"]
[White "Zhou, Joe"]
[Black "Kim, Sunyo"]
[Result "0-1"]
[WhiteElo "1888"]
[BlackElo "1692"]
[WhiteFideId "-1"]
[WhiteFideId "-1"]
[PlyCount "60"]
[GameId "2174971262182803"]
[EventDate "2025.04.08"]
[EventType "swiss"]
[EventRounds "4"]
[EventCountry "CAN"]

1. Nf3 d5 2. e3 Nc6 3. d4 Bg4 4. c4 e6 5. Nc3 Nf6 6. Bd3 Bb4 7. Bd2 Bxc3 8. bxc3 Ne4 9. h3 Bxf3 10. Qxf3 Nxd2 11. Kxd2 O-O 12. g4 dxc4 13. Bxc4 Qe7 14. Qe4 Qa3 15. Rab1 Na5 16. Bb3 Nxb3+ 17. axb3 c5 18. Qc2 cxd4 19. exd4 Qd6 20. Qe4 f5 21. gxf5 Rxf5 22. f3 Raf8 23. Rbf1 e5 24. Rhg1 exd4 25. cxd4 Rf4 26. Qxb7 Rxd4+ 27. Kc2 Qc5+ 28. Kb1 Qf5+ 29. Ka1 Qe5 30. Kb1 Rd2 0-1

[Event "Winnipeg TNT 2025.04"]
[Site "Winnipeg CAN"]
[Date "2025.04.08"]
[Round "1.6"]
[White "Zhang, Ian"]
[Black "Bilugan, Mason"]
[Result "0-1"]
[WhiteElo "1674"]
[BlackElo "1866"]
[WhiteFideId "-1"]
[WhiteFideId "-1"]
[PlyCount "81"]
[GameId "2174971262215572"]
[EventDate "2025.04.08"]
[EventType "swiss"]
[EventRounds "4"]
[EventCountry "CAN"]

1. e4 c5 2. Nc3 e5 3. Bc4 Nc6 4. f4 exf4 5. Nf3 g5 6. h3 Bg7 7. Nb5 d6 8. d3 a6 9. Nc3 h6 10. Nh2 Nf6 11. Nd5 Nxd5 12. Bxd5 Ne7 13. Bb3 Bd7 14. c3 Ng6 15. Bd2 Qe7 16. Qc2 Nh4 17. Rg1 O-O-O 18. O-O-O Kb8 19. a4 Bc6 20. Bd5 Qd7 21. Bxc6 Qxc6 22. Qb3 f5 23. Nf3 Nxf3 24. gxf3 d5 25. exd5 Rxd5 26. Bxf4+ Be5 27. Bxe5+ Rxe5 28. d4 cxd4 29. Rxd4 Qxf3 30. Rgd1 Rc8 31. Qb6 Qc6 32. Qb3 Re4 33. Rd7 Rxa4 34. R7d6 Ra1+ 35. Kc2 Qe4+ 36. R1d3 f4 37. Qf7 Qa4+ 38. Qb3 Rc1+ 39. Kxc1 Qxb3 40. R6d4 Qb6 41. Rb4 0-1

[Event "Winnipeg TNT 2025.04"]
[Site "Winnipeg CAN"]
[Date "2025.04.08"]
[Round "1.7"]
[White "Rutter, Blair"]
[Black "Gannon, Keith"]
[Result "1-0"]
[WhiteElo "1865"]
[BlackElo "1639"]
[WhiteFideId "-1"]
[WhiteFideId "-1"]
[PlyCount "69"]
[GameId "2174971262215573"]
[EventDate "2025.04.08"]
[EventType "swiss"]
[EventRounds "4"]
[EventCountry "CAN"]

1. c4 c5 2. g3 Nf6 3. Bg2 g6 4. Nc3 Bg7 5. e4 d6 6. Nge2 O-O 7. O-O Nbd7 8. d3 a6 9. h3 Rb8 10. a4 b6 11. Kh2 Bb7 12. f4 e6 13. Be3 Re8 14. Qd2 Qc7 15. Rad1 Bc6 16. d4 cxd4 17. Nxd4 Bb7 18. b3 Nc5 19. Qc2 h6 20. Nde2 Rbd8 21. g4 e5 22. f5 gxf5 23. Rxf5 Bc8 24. Rxf6 Bxf6 25. Nd5 Qc6 26. Nxf6+ Kg7 27. Nxe8+ Rxe8 28. Ng3 b5 29. Nh5+ Kg6 30. axb5 axb5 31. cxb5 Qxb5 32. Rxd6+ Ne6 33. Qf2 Qxb3 34. Qf6+ Kh7 35. Qxh6+ 1-0

[Event "Winnipeg TNT 2025.04"]
[Site "Winnipeg CAN"]
[Date "2025.04.08"]
[Round "1.9"]
[White "Adeyemi, Adebowale"]
[Black "Harvey, Chris"]
[Result "1-0"]
[WhiteElo "1791"]
[BlackElo "1522"]
[WhiteFideId "-1"]
[WhiteFideId "-1"]
[PlyCount "49"]
[GameId "2174971262248342"]
[EventDate "2025.04.08"]
[EventType "swiss"]
[EventRounds "4"]
[EventCountry "CAN"]

1. e4 e5 2. Bc4 Bc5 3. d3 Nc6 4. Nf3 Nge7 5. Bg5 d6 6. a3 O-O 7. Nbd2 Bg4 8. c3 Qd7 9. Bh4 d5 10. exd5 Nxd5 11. O-O Ne3 12. fxe3 Bxe3+ 13. Kh1 Bxd2 14. Qxd2 Kh8 15. Rae1 Rae8 16. Bg3 e4 17. Rxe4 Bxf3 18. Rxe8 Bxg2+ 19. Qxg2 Qxe8 20. Bxc7 f6 21. Bd6 Ne7 22. Qxb7 h6 23. Bxe7 Qh5 24. Bxf8 Qe2 25. Qxg7# 1-0

[Event "Winnipeg TNT 2025.04"]
[Site "Winnipeg CAN"]
[Date "2025.04.08"]
[Round "1.10"]
[White "Cobb, Kyle"]
[Black "Hui, Zelus"]
[Result "0-1"]
[WhiteElo "1453"]
[BlackElo "1788"]
[WhiteFideId "-1"]
[WhiteFideId "-1"]
[PlyCount "76"]
[GameId "2174971262248343"]
[EventDate "2025.04.08"]
[EventType "swiss"]
[EventRounds "4"]
[EventCountry "CAN"]

1. e4 e6 2. d4 d5 3. Nc3 dxe4 4. Nxe4 Bd7 5. Nf3 Bc6 6. Bd3 Nd7 7. Ne5 Nxe5 8. dxe5 Bxe4 9. Bxe4 Qxd1+ 10. Kxd1 O-O-O+ 11. Bd2 Bc5 12. Rf1 Bd4 13. Ke2 Bxe5 14. Bc3 Bxc3 15. bxc3 Nf6 16. Bf3 Rd7 17. Rab1 c6 18. Rb3 Rhd8 19. Rfb1 h6 20. a4 g5 21. g3 Nd5 22. a5 Rc7 23. c4 Ne7 24. c5 Nd5 25. Bxd5 cxd5 26. a6 bxa6 27. Rb8+ Kd7 28. R8b7 Rdc8 29. c6+ Kxc6 30. R7b2 Kd6 31. Kd2 Ke5 32. Re1+ Kf5 33. Rf1 Kg4 34. f3+ Kh3 35. Rf2 f5 36. Kd3 e5 37. Rb4 Rc3+ 38. Ke2 Rxc2+ 0-1

[Event "Winnipeg TNT 2025.04"]
[Site "Winnipeg CAN"]
[Date "2025.04.08"]
[Round "1.11"]
[White "Klokow, John"]
[Black "Zhang, Oscar"]
[Result "1-0"]
[WhiteElo "1787"]
[BlackElo "1445"]
[WhiteFideId "-1"]
[WhiteFideId "-1"]
[PlyCount "58"]
[GameId "2174971262248344"]
[EventDate "2025.04.08"]
[EventType "swiss"]
[EventRounds "4"]
[EventCountry "CAN"]

1. e4 e5 2. Nf3 Nc6 3. Bc4 Bc5 4. O-O Nf6 5. d3 O-O 6. h3 d6 7. c3 h6 8. Nbd2 Be6 9. Bb5 Bd7 10. Ba4 Be6 11. Re1 d5 12. Bxc6 bxc6 13. Nxe5 Qd6 14. d4 Bb6 15. exd5 cxd5 16. b4 a5 17. b5 Rfc8 18. a4 Re8 19. Qf3 Ne4 20. Nxe4 dxe4 21. Qg3 f6 22. Bxh6 g5 23. Bxg5 fxg5 24. Qxg5+ Kh8 25. Rxe4 Re7 26. Ng6+ Kg8 27. Nxe7+ Kf8 28. Qf6+ Ke8 29. Rxe6 Qd8 1-0

[Event "Winnipeg TNT 2025.04"]
[Site "Winnipeg CAN"]
[Date "2025.04.15"]
[Round "2.1"]
[White "Gres, Yakiv"]
[Black "Hui, Zelus"]
[Result "1/2-1/2"]
[WhiteElo "2001"]
[BlackElo "1788"]
[WhiteFideId "-1"]
[WhiteFideId "-1"]
[PlyCount "77"]
[GameId "2174969456664692"]
[EventDate "2025.04.08"]
[EventType "swiss"]
[EventRounds "4"]
[EventCountry "CAN"]

1. e4 e6 2. d4 d5 3. Nc3 dxe4 4. Nxe4 Bd7 5. Nf3 Bc6 6. Bd3 Nd7 7. O-O Ngf6 8. Bg5 h6 9. Nxf6+ Nxf6 10. Bxf6 gxf6 11. Re1 Rg8 12. c4 Be7 13. Be4 Bxe4 14. Rxe4 Qd7 15. Qe2 O-O-O 16. d5 e5 17. Qe3 Qf5 18. Nh4 Qh7 19. Qh3+ Kb8 20. Rae1 Rg5 21. f4 Bc5+ 22. Kh1 exf4 23. Qd7 Rgg8 24. Qb5 Bf2 25. c5 a6 26. Qb3 Bxe1 27. c6 b6 28. Rxe1 Rge8 29. Rd1 Qe4 30. h3 Re5 31. Qa3 Ka7 32. d6 Qxc6 33. Nf3 Re3 34. Nd4 Qe8 35. dxc7 Rc8 36. Qd6 Re1+ 37. Rxe1 Qxe1+ 38. Kh2 Qg3+ 39. Kg1 1/2-1/2

[Event "Winnipeg TNT 2025.04"]
[Site "Winnipeg CAN"]
[Date "2025.04.15"]
[Round "2.2"]
[White "Bilugan, Mason"]
[Black "Klokow, John"]
[Result "1-0"]
[WhiteElo "1866"]
[BlackElo "1787"]
[WhiteFideId "-1"]
[WhiteFideId "-1"]
[PlyCount "59"]
[GameId "2174969456795765"]
[EventDate "2025.04.08"]
[EventType "swiss"]
[EventRounds "4"]
[EventCountry "CAN"]

1. d4 Nf6 2. c4 g6 3. Nc3 d5 4. Nf3 Bg7 5. Qb3 dxc4 6. Qxc4 O-O 7. e4 c6 8. h3 Nbd7 9. Bf4 Nb6 10. Qd3 Be6 11. b3 Rc8 12. Be2 c5 13. d5 Bd7 14. Rc1 c4 15. Qe3 cxb3 16. axb3 a5 17. O-O a4 18. bxa4 Nxa4 19. Nxa4 Bxa4 20. Rxc8 Qxc8 21. Rc1 Qa8 22. Rc7 Rc8 23. Rxe7 b5 24. g4 Rc2 25. Bd3 Rc8 26. Be5 Re8 27. Qc5 Rxe7 28. Qxe7 Ne8 29. Ng5 Bxe5 30. Qxf7+ 1-0